书目信息 |
| 题名: |
考试心理学
|
|
| 作者: | 陈友新 , 王建新 著 | |
| 分册: | ||
| 出版信息: | 哈尔滨 黑龙江科学技术出版社 1990.3 |
|
| 页数: | 344页 | |
| 开本: | 19cm | |
| 丛书名: | 考试对策丛书 | |
| 单 册: | ||
| 中图分类: | G424.7 | |
| 科图分类: | 38.1633 | |
| 主题词: | 考试-学习心理学 , 学习心理学-考试 | |
| 电子资源: | ||
| ISBN: | 7-5388-1035-8 | |
| 000 | 00805nam 2200277 45 | |
| 001 | 1572128213 | |
| 005 | 20150130200231.60 | |
| 010 | @a7-5388-1035-8@dCNY3.50 | |
| 100 | @a19910423d1990 ekmy0chiy0121 ea | |
| 101 | 0 | @achi |
| 102 | @aCN@b230000 | |
| 105 | @ay z 000yy | |
| 200 | 10 | @a考试心理学@AKAO SHI XIN LI XUE@f陈友新,王建新著@FCHEN YOU XIN , WANG JIAN XIN ZHU |
| 210 | @a哈尔滨@c黑龙江科学技术出版社@d1990.3 | |
| 215 | @a344页@d19cm | |
| 225 | 2 | @a考试对策丛书@v1 |
| 410 | 0 | @120010@a考试对策丛书@v1 |
| 540 | 1 | @a考试 心理@AKAO SHI XIN LI |
| 606 | @a考试-学习心理学 | |
| 606 | @a学习心理学-考试 | |
| 690 | @aG424.7 | |
| 692 | @a38.1633 | |
| 701 | 0 | @a陈友新@ACHEN YOU XIN@4著 |
| 701 | 0 | @a王建新@AWANG JIAN XIN@4著 |
| 801 | 0 | @aCN@bTSSF@c20150130 |
| 905 | @aZUCC@dG424.7@eJY1 | |
| 考试心理学/陈友新,王建新著.-哈尔滨:黑龙江科学技术出版社,1990.3 |
| 344页;19cm.-(考试对策丛书;1) |
| ISBN 7-5388-1035-8:CNY3.50 |
| ● |
| 相关链接 |
|
|
|
|
正题名:考试心理学
索取号:G424.7/JY1
 
预约/预借
| 序号 | 登录号 | 条形码 | 馆藏地/架位号 | 状态 | 备注 |
| 1 | 7845980 | 278459801 | 学院路分馆/ [索取号:G424.7/JY1] | 在馆 |